00878nam a2200181 a 4500001001000000003000900010005001700019008004100036040002500077049000900102082001500111245031100126260009500437300002000532942001400552952011300566999001700679000029777DO-SdBNP20210630093657.0091124s1967 dr 000 0 spa d aDO-SdBNPbspacBNPHU aBNPD axxxxbM54800aMensaje leído por el excelentísimo señor presidente de la República, Doctor Joaquín Balaguer, ante el Congreso Nacional, el 27 de febrero de 1968, en ocasión de presentar las memorias de los diversos departamentos de la administración pública, correpondientes al ejercicio del año 1967 /. aSanto Domingo :bDirección General de Información y Prensa de la Presidencia,c[1967]. a23 p. ;c21 cm. 2ddccLBS1 00107-18PDaPDbPDcOId2011-04-25iLF1l0oxxx M548p29777-10r2020-06-25w2020-06-25yLFPDZNo se presta c29269d29269